000 00714nam a22002177a 4500
003 UA-OsUOA
001 69562
007 ta
008 20100625b un ||||| |||| 00| 0 ukr d
100 _aСкопненко О.І.
090 _a81
_bС44
942 _cSA
040 _aUA-OsUOA
_bukr
_cUA-OsUOA
_dUA-OsUOA
245 _aЗасади кодифікації в українській та білоруській літературних мовах (20-і початок 30-х рр. ХХ ст.)
300 _aС.168-176
955 _a0
041 _aukr
080 _a81
773 0 _w69555
650 7 _a8 Мовознавство. Художня література. Літературознавство
_2UDC
999 _c355821
_d355821